00251nam a2200097Ia 4500008004100000100001600041245005000057260002200107942000700129999001700136190216s9999||||xx |||||||||||||| ||und|| aDivakaran M 0aCivil Prathirotham Adunika Yudha Thanthrathil bKerala Basha Inst cBK c30260d30260